Sudden Death - 4th gen Kpop group - Statistics

General Stats
  • This quiz has been taken 523 times
  • The average score is 7 of 14
Answers on the Grid
Answers color-coded by a green-red scale on the quiz's grid according to % correct below.
BTS
EXO
Block B
Black Pink
Stray kids
TXT
Boynextdoor
Seventeen
New jeans
IVE
Nmixx
Katseye
Zerobaseone
RIIZE
Babymonster
Itzy
Twice
StayC
Iz*one
Enhypen
Cravity
G IDLE
ATEEZ
Kep1er
Loona
NCT
Monsta X
Red velvet
Wanna one
Gfriend
 
Answer Stats
Answer % Correct
Stray kids
85%
TXT
71%
New jeans
68%
IVE
60%
Itzy
48%
Nmixx
48%
Enhypen
45%
ATEEZ
42%
G IDLE
41%
Kep1er
37%
StayC
33%
Iz*one
28%
Cravity
25%
Loona
24%
No matching quizzes found
Score Distribution
Percent of People with Each Score
Percentile by Number Answered
Your Score History
You have not taken this quiz